The corporate intranet : (Record no. 175185)
[ view plain ]
| 000 -LEADER | |
|---|---|
| fixed length control field | 01042 a2200205 4500 |
| 003 - CONTROL NUMBER IDENTIFIER | |
| control field | Nust |
| 005 - DATE AND TIME OF LATEST TRANSACTION | |
| control field | 20221007161035.0 |
| 010 ## - LIBRARY OF CONGRESS CONTROL NUMBER | |
| LC control number | 96015479 |
| 020 ## - INTERNATIONAL STANDARD BOOK NUMBER | |
| International Standard Book Number | 0471149292 (paper : acid-free paper) |
| 040 ## - CATALOGING SOURCE | |
| Transcribing agency | Nust |
| 082 00 - DEWEY DECIMAL CLASSIFICATION NUMBER | |
| Classification number | 650.0285575,BER |
| 100 1# - MAIN ENTRY--PERSONAL NAME | |
| Personal name | Bernard, Ryan. |
| 9 (RLIN) | 99503 |
| 245 14 - TITLE STATEMENT | |
| Title | The corporate intranet : |
| Remainder of title | create and manage an internal Web for your organization / |
| Statement of responsibility, etc. | Ryan Bernard. |
| 260 ## - PUBLICATION, DISTRIBUTION, ETC. | |
| Place of publication, distribution, etc. | New York : |
| Name of publisher, distributor, etc. | Wiley Computer Pub., |
| Date of publication, distribution, etc. | c1996. |
| 300 ## - PHYSICAL DESCRIPTION | |
| Extent | xviii, 395 p. : |
| Other physical details | ill., maps ; |
| Dimensions | 24 cm. |
| 505 ## - FORMATTED CONTENTS NOTE | |
| Formatted contents note | What Every Business Can Learn From The Internet (Page-2), A New Kind Of Information System (Page-30), The Birth Of Information Center (Page-72), The Intranet In Practice (Page-132), Toward The Paperless Office (Page-166), Harnessing The New Media (Page-210), Serving Data And Applications (Page-244), Interfacing With The Internet (Page-288), Managing The Web Explosion (Page-314). |
| 650 #0 - SUBJECT ADDED ENTRY--TOPICAL TERM | |
| Topical term or geographic name entry element | Business enterprises |
| General subdivision | Computer networks. |
| 9 (RLIN) | 99504 |
| 650 #0 - SUBJECT ADDED ENTRY--TOPICAL TERM | |
| Topical term or geographic name entry element | Intranets (Computer networks) |
| 9 (RLIN) | 96444 |
| 942 ## - ADDED ENTRY ELEMENTS (KOHA) | |
| Koha item type | Reference |
| Source of classification or shelving scheme | |
| Withdrawn status | Lost status | Source of classification or shelving scheme | Damaged status | Not for loan | Permanent Location | Current Location | Shelving location | Date acquired | Full call number | Barcode | Date last seen | Price effective from | Koha item type | Public note |
|---|---|---|---|---|---|---|---|---|---|---|---|---|---|---|
| Military College of Signals (MCS) | Military College of Signals (MCS) | Reference | 12/12/2016 | 650.0285575,BER | MCS26478 | 12/08/2016 | 12/12/2016 | Reference | Almirah No.24, Shelf No.4 |
